Sweden 2026 FIFA World Cup Squad - Statistics

General Stats
  • This quiz has been taken 25 times
  • The average score is 11 of 28
Answer Stats
Position Player % Correct
FW Alexander Isak
100%
FW Viktor Gyökeres
100%
DF © Victor Lindelöf
79%
FW Anthony Elanga
68%
Manager Graham Potter
63%
MF Lucas Bergvall
63%
DF Gabriel Gudmundsson
53%
MF Yasin Ayari
53%
DF Daniel Svensson
47%
DF Isak Hien
47%
FW Benjamin Nygren
37%
DF Herman Johansson
37%
GK Kristoffer Nordfeldt
37%
GK Viktor Johansson
37%
FW Ken Sema
32%
DF Elliot Stroud
26%
FW Gustaf Nilsson
26%
MF Jesper Karlström
26%
MF Mattias Svanberg
26%
DF Carl Starfelt
21%
DF Eric Smith
21%
DF Gustaf Lagerbielke
21%
DF Hjalmar Ekdal
21%
FW Taha Ali
21%
DF Emil Holm
16%
GK Jacob Widell Zetterström
16%
FW Alexander Bernhardsson
11%
MF Besfort Zeneli
5%
No matching quizzes found
Score Distribution
Percent of People with Each Score
Percentile by Number Answered
Your Score History
You have not taken this quiz